000 00580nam a2200181 a 4500
001 BRCA_9128
005 20190320210529.0
008 061017ss/a-----sp-#######---#000-0#spa-#
041 _aspa
084 _aCO80
_b.A66
100 1 _aN/A
_921678
245 1 0 _aAño panegírico (sin portada)
_bmes de noviembre: sermón para el día de la festividad de todos los santos.
300 _a388 p.
_c20.8 x 15.3 cm
500 _aEstado físico: presenta encuadernación en pergamino con lomo semi desprendido y sin portada
650 1 4 _aSermones
_921350
902 _aCFM
942 _2lcc
_cB
999 _c8776
_d8776